000 00324nam a22001337a 4500
005 20170406130321.0
008 170406b xxu||||| |||| 00| 0 eng d
041 _aeng
100 _aCHAWLA, SHASHI.
_92611
245 _aA TEXTBOOK OF ENGINEERING CHEMISTRY
260 _aDELHI
_bDHANPAT RAI CO
300 _a11.24
942 _cBK
999 _c5441
_d5439